000 00533nam a2200181 a 4500
005 20140310183142.0
008 030509s19uu xx 00 eng d
020 _a0442213336
050 _aHF 5718
_b.K38 1985
100 _aKaumeyer, Richard A.
245 _aHow to write and speak in business /
_cRichard A. Kaumeyer, Jr.
260 _aU.S.A ;
_bVan Nostrand Reinhold Inc.,
_c1985.
300 _a125 p. :
_bill. ;
_c23 cm.
521 _aBSBA
650 _aCommunication in Management
942 _cBK
_2lcc
_kFOR
999 _c19419
_d19419